00503nam a22001937a 450000500170000001000130001702000100003003500130004003700160005304000120006908200110008110000160009224500250010826000350013327000620016830000200023065000440025065000150029420170124110128.0 aA-701634 c00.00 aA-701634 bCen Lib/Ret aDPLbEN aNbMEH aMehta, Gita aRaj /cby Gita Mehta aNew DelhibPenguin Booksc1990 a210, Chiranjiv Tower, 43, Nehru PlacebNew Delhi e110019 a463p.c20cm(Hb) aBritish Occupation of India (1765-1947) aPrincesses